000 00713nam a2200265Ia 4500
003 OSt
005 20221005090450.0
006 a|||||r|||| 00| 0
007 ta
008 221004b |||||||| |||| 00| 0 eng d
024 _a38101
037 _cTextual
040 _aCRL
_cCRL
_beng
041 _2eng
_aeng
082 _aO111,6M65x, K1
100 _aYeats W. B.
110 _aGift from Prof Amitava Banerjee, London
245 0 _aVision
260 _aNew York
_bMacmillan USA
_c1961
300 _a305p.
_ccm.
650 _aENGLISH LITERATURE
700 _aGift from Prof Amitava Banerjee, London
942 _hO111,6M65x, K1
_cTEXL
_2cc
999 _c995831
_d995831